000 00880cab a2200301 4500
001 ABS52698
008 090401t1995 xxu||||| |||| 00| 0 eng d
035 _a(Sirsi) u91615
041 _aeng
245 _aEstates Times survey: Strathclyde & Central
260 _c1995
350 _a0
490 _aEstates Times
_v(1276) 21 April 1995, 21-29(8)
650 _aBUSINESS SPACE MARKET
650 _aENTERPRISE ZONES
650 _aGLASGOW
650 _aLANARKSHIRE
650 _aMILLENNIUM
650 _aPROPERTY-COMMERCIAL PROPERTY-OFFICE PROPERTY-OFFICE PROPERTY MARKET
650 _aPROPERTY-COMMERCIAL PROPERTY-RETAIL PROPERTY-RETAIL PROPERTY MARKET
650 _aSCOTLAND
650 _aSTIRLING
650 _aSTRATHCLYDE
650 _aWATERWAYS
690 _aPROPERTY-COMMERCIAL PROPERTY-COMMERCIAL PROPERTY MARKET
942 _n0
948 _c04/03/1997
999 _c58175
_d58175